Регионална библиотека "Любен Каравелов" - Русе

Психология на комуникацията (Запис номер 65303)

MARC детайли
000 -Лидер
Контролно поле с фиксирана дължина 02337nam a2200433 c 4500
003 - Код на организацията, давaща контролен номер
Контролно поле BLK
005 - Дата и час на последна редакция
Контролно поле 20250531121029.0
008 - Елементи от данни с фиксирана дължина
fixed length control field 180408b bul|||||r ||||||| ||bul||
010 ## - Наследен системен номер
LC control number KNG00069579000
020 ## - Международен стандартен номер на книга ISBN
Международен стандартен номер на книга ISBN 954-509-359-5
-- издат.: Воен. изд.
040 ## - Източник на каталожния запис
Идентификатор на билиотеката - собственик на записа BLK
041 ## - Код за език
Код за езика на текст/звукозапис или на отделно заглавие Български
Код за езика КДБФ Български
080 ## - УДК
Текстов определител УДК Отделни моторни функции - Движение. Ходене. Тичане. Изразяване с помощта на речта. Пеене. Графично изразяване. Писане. Рисуване
УДК код - определител по УДК 159.946
УДК определител
УДК - код + определител 159.946
080 ## - УДК
Текстов определител УДК Външен израз на психическите процеси и чертите на характера. Физиогномия. Френология. Графология. Краниоскопия
УДК код - определител по УДК 159.925
УДК определител
УДК - код + определител 159.925
080 ## - УДК
Текстов определител УДК Отношения. Компоненти на отношенията. Взаимосвързаност, взаимозависимост на отношенията и др.
УДК код - определител по УДК 316.64
УДК определител
УДК - код + определител 316.64
100 1# - Редна дума - Автор
Автор Йорданов, Николай Георгиев
Авторска отговорност първи автор
R(LIN) 363906
139 ## - Редно поле
Редна дума Йорданов, Николай Георгиев
Авторски знак Иорд - И 83
245 10 - Сведения за заглавието
Заглавие Психология на комуникацията
Подзаглавни данни И мълчанието говори...
Редно поле (дума) Николай Георгиев Йорданов.
257 ## - Страна на издаване
Страна на създаване/издаване България
260 ## - Област на издателските данни
-- София
Име на издателя, разпространителя и проч. Воен. изд.
Година на издаване 2006
300 ## - Физическа характеристика
Страници 112 с.
Илюстрации и др. с ил.
Размери/Мащаб 20 см
380 ## - Жанр
Жанр Философия
500 ## - Общи забележки
Забележка Съдържа и Една необходима книга / Орлин Загоров ; Речник. - Библиогр. с.106-107. - Рез. на рус., англ. ез.
504 ## - Забележка за наличие на библиография и др
Забележка за наличие на библиография и под. 106-107
650 #4 - Допълнително описание по предмет – тема
Основно описание – тема или топоним Общуване - психология и психопрофилактика
9 (RLIN) 254387
650 #4 - Допълнително описание по предмет – тема
Основно описание – тема или топоним Жест - психология
9 (RLIN) 277646
650 #4 - Допълнително описание по предмет – тема
Основно описание – тема или топоним Физиогномика
9 (RLIN) 175297
650 #4 - Допълнително описание по предмет – тема
Основно описание – тема или топоним Социална психология
9 (RLIN) 243161
653 ## - Ключова дума – ненормативна
Ключова дума психология на личността
653 ## - Ключова дума – ненормативна
Ключова дума физиогномика
653 ## - Ключова дума – ненормативна
Ключова дума жестове
653 ## - Ключова дума – ненормативна
Ключова дума комуникативност
852 ## - Местоположение
Форматна сигнатура Цб 230136
856 4# - Електронен адрес и достъп
Електронен формат pdf - файл
Път до файла /url/
856 4# - Електронен адрес и достъп
Електронен формат pdf - файл
Път до файла /url/
942 ## - АРТИКУЛИ
Вид на библиотечния материал Книги
Скрит в OPAC Не
Koha issues (borrowed), all copies 4
944 ## - СЪЗДАВАНЕ И РЕДАКЦИЯ на ЗАПИСА
Създаване/Редакция Създаване
Дата на регистрацията/редакция 21.11.2006
Служител, извършил регистрацията/редакцията 30540
Статус, дата на статуса Севдалина Тодорова
944 ## - СЪЗДАВАНЕ И РЕДАКЦИЯ на ЗАПИСА
Създаване/Редакция Редакция
Дата на регистрацията/редакция 15.11.2007
Служител, извършил регистрацията/редакцията
999 ## - СИСТЕМНИ КОНТРОЛНИ НОМЕРА
Koha biblionumber 65303
Koha biblioitemnumber 65303
Наличности
Код за отписване Код за изгубен артикул Код за повреда Коз за рестрикции Код за отдаване Артикулен № Име на библиотеката - собственик Име на библиотеката, в която се намира в момента Статус (Текущо местоположение) Дата на вписване в системата Местоположение - отдел Цена в лева Инвентарен номер Систематично азбучна сигнатура Баркод Номер на екземпляра Цена в евро Служебна бележка Служебен тип на артикула
  Не е изгубен Не е повреден без рестрикции заемане за дома 107688 Регионална библиотека "Любен Каравелов" Русе Регионална библиотека "Любен Каравелов" Русе Заемна - подръчен фонд 2006-11-21 Заемна - подръчен фонд 7.00 120000706858 П 159.9/И 83 120000706858 1 3.58 Дост: Pk Вид: Ф N: 45914 Дата: 16.11.2006 Дата инв: 15.02.2018 Бележки инв: П2018 Книги
  Не е изгубен Не е повреден без рестрикции ползва се в читалня 107689 Регионална библиотека "Любен Каравелов" Русе Регионална библиотека "Любен Каравелов" Русе Хранилище 2007-11-02 Хранилище 7.00 120000719152 Цб 230136 120000719152 2 3.58 Дост: Dp Вид: Д N: 26 Дата: 06.06.2007 Книги
Vip Innovations Ltd, Rousse, Bulgaria 2025